000 00314nam a22001337a 4500
999 _c529003
_d529003
003 NUST
038 _aMSOHAIL
082 _a0
100 _aDept of Transportation
_920860
245 _aCalculation of Road Traffice Noise
260 _aLondon
_bHMSO Publication
_c1988
300 _a94,.p.
_c25cm
942 _2ddc
_cBK